Statistiques concernant Gens par pays n°3

Cliquez ici pour prendre le quiz!

Statistiques générales

  • Ce quiz a été pris 61 fois
  • Le résultat moyen est 16 sur 24

Statistiques - réponses

personnepays% Correct
Louis ArmstrongEtats-Unis
100%
Léon TrotskiRussie
100%
Jean-Paul IIPologne
96%
ConfuciusChine
93%
HirohitoJapon
91%
Francisco de GoyaEspagne
89%
Pablo EscobarColombie
87%
Novak DjokovicSerbie
85%
Jean-Paul MaratFrance
84%
Roald AmundsenNorvège
80%
Eva PerónArgentine
78%
Laurent de MédicisItalie
76%
Alfred NobelSuède
76%
MahometArabie Saoudite
75%
Frida KahloMexique
62%
Ban Ki-moonCorée du Sud
58%
Hugh JackmanAustralie
56%
Charlize TheronAfrique du Sud
49%
William Butler YeatsIrlande
47%
Edmund HillaryNouvelle-Zélande
40%
Lennox LewisCanada
36%
Robert MugabeZimbabwe
31%
Manny PacquiaoPhilippines
27%
Augustin d'HipponeAlgérie
16%

Distribution des résultats

Percentile par nombre de réponses

% des personnes avec chaque résultat

Votre développement - résultats

Vous n’avez pas pris ce quiz